NBA 2K18 Ratings: Top 5 Highest Block Ratings Per Team - Statistics

General Stats
  • This quiz has been taken 17 times
  • The average score is 49 of 150
Answer Stats
Team Player Rating % Correct
New Orleans Pelicans Anthony Davis 85
94%
Philadelphia 76ers Joel Embiid 94
94%
San Antonio Spurs Danny Green 66
88%
Milwaukee Bucks Giannis Antetokounmpo 83
88%
Detroit Pistons Andre Drummond 71
81%
Minnesota Timberwolves Karl-Anthony Towns 68
81%
Cleveland Cavaliers LeBron James 52
81%
Utah Jazz Rudy Gobert 89
81%
Cleveland Cavaliers Tristan Thompson 74
81%
Golden State Warriors Draymond Green 80
75%
Portland Trail Blazers Ed Davis 62
75%
Toronto Raptors Serge Ibaka 81
75%
Boston Celtics Al Horford 72
69%
Houston Rockets Clint Capela 81
69%
Los Angeles Clippers DeAndre Jordan 81
69%
New Orleans Pelicans DeMarcus Cousins 72
69%
Charlotte Hornets Dwight Howard 75
69%
Miami Heat Hassan Whiteside 85
69%
Orlando Magic Jonathon Simmons 55
69%
Golden State Warriors Kevin Durant 77
69%
Oklahoma City Thunder Steven Adams 66
69%
Memphis Grizzlies Deyonta Davis 85
63%
Portland Trail Blazers Jusuf Nurkic 80
63%
New York Knicks Kristaps Porzingis 85
63%
San Antonio Spurs LaMarcus Aldridge 71
63%
Los Angeles Lakers Brook Lopez 81
56%
Golden State Warriors David West 82
56%
Utah Jazz Derrick Favors 67
56%
Golden State Warriors JaVale McGee 92
56%
Washington Wizards John Wall / Markieff Morris 55
56%
San Antonio Spurs Pau Gasol 74
56%
Chicago Bulls Robin Lopez 80
56%
Sacramento Kings Willie Cauley-Stein 68
56%
Phoenix Suns Alan Williams 76
50%
Philadelphia 76ers Amir Johnson 72
50%
Boston Celtics Aron Baynes 67
50%
Los Angeles Clippers Brice Johnson 68
50%
Oklahoma City Thunder Enes Kanter 60
50%
Miami Heat James Johnson 72
50%
Milwaukee Bucks John Henson 88
50%
Phoenix Suns Josh Jackson 72
50%
Washington Wizards Marcin Gortat 61
50%
Charlotte Hornets Marvin Williams 60
50%
Charlotte Hornets Michael Carter-Williams 62
50%
Orlando Magic Nikola Vucevic 67
50%
Detroit Pistons Stanley Johnson 55
50%
Los Angeles Clippers Wesley Johnson 70
50%
Atlanta Hawks Dewayne Dedmon 76
44%
Atlanta Hawks John Collins 75
44%
Memphis Grizzlies Marc Gasol 77
44%
Indiana Pacers Myles Turner 88
44%
Denver Nuggets Paul Millsap 62
44%
Milwaukee Bucks Thon Maker 80
44%
Portland Trail Blazers Zach Collins 84
44%
Phoenix Suns Alex Len 85
38%
Indiana Pacers Domantas Sabonis 56
38%
Brooklyn Nets Jarrett Allen 72
38%
Denver Nuggets Mason Plumlee 73
38%
Atlanta Hawks Miles Plumlee 63
38%
Dallas Mavericks Nerlens Noel 80
38%
Chicago Bulls Nikola Mirotic 67
38%
Minnesota Timberwolves Taj Gibson 66
38%
Atlanta Hawks Taurean Prince 63
38%
Detroit Pistons Boban Marjanovic 73
31%
Charlotte Hornets Cody Zeller 70
31%
Dallas Mavericks Dwight Powell 66
31%
Washington Wizards Ian Mahinmi 75
31%
Philadelphia 76ers Jahlil Okafor 73
31%
Boston Celtics Jayson Tatum 68
31%
Oklahoma City Thunder Jerami Grant 80
31%
New Orleans Pelicans Jrue Holiday / Omer Asik 56
31%
Los Angeles Lakers Lonzo Ball 61
31%
Toronto Raptors Pascal Siakam 82
31%
Brooklyn Nets Rondae Hollis-Jefferson 58
31%
Brooklyn Nets Tyler Zeller 72
31%
Portland Trail Blazers Al-Farouq Aminu / Caleb Swanigan 60
25%
Oklahoma City Thunder Andre Roberson 67
25%
Miami Heat Bam Adebayo 79
25%
Orlando Magic Bismack Biyombo 80
25%
Phoenix Suns Dragan Bender 71
25%
Minnesota Timberwolves Gorgui Dieng 71
25%
Detroit Pistons Ish Smith 53
25%
Washington Wizards Jason Smith 81
25%
New York Knicks Joakim Noah 70
25%
Golden State Warriors Jordan Bell 84
25%
Sacramento Kings Kosta Koufos 71
25%
Los Angeles Lakers Larry Nance, Jr. 62
25%
Phoenix Suns Marquese Chriss 72
25%
Dallas Mavericks Salah Mejri 88
25%
Boston Celtics Guerschon Yabusele 60
19%
Cleveland Cavaliers Iman Shumpert / Cedi Osman 51
19%
Los Angeles Lakers Ivica Zubac 82
19%
Denver Nuggets Kenneth Faried 63
19%
Chicago Bulls Lauri Markkanen 58
19%
Orlando Magic Marreese Speights 66
19%
Charlotte Hornets Michael Kidd-Gilchrist 67
19%
Houston Rockets Nenê 67
19%
Philadelphia 76ers Richaun Holmes 75
19%
Brooklyn Nets Timofey Mozgov 62
19%
Utah Jazz Tony Bradley 78
19%
Houston Rockets Zhou Qi 85
19%
New Orleans Pelicans Alexis Ajinca 71
13%
Cleveland Cavaliers Ante Zizic 77
13%
Memphis Grizzlies Brandan Wright 81
13%
Cleveland Cavaliers Channing Frye 62
13%
Boston Celtics Daniel Theis 77
13%
Utah Jazz Ekpe Udoh 85
13%
Sacramento Kings Georgios Papagiannis 82
13%
Philadelphia 76ers James Michael McAdoo 85
13%
Miami Heat Jordan Mickey 74
13%
Chicago Bulls Kris Dunn 62
13%
New York Knicks Kyle O'Quinn 91
13%
Portland Trail Blazers Maurice Harkless 65
13%
New York Knicks Michael Beasley 66
13%
Los Angeles Clippers Montrezl Harrell 72
13%
San Antonio Spurs Rudy Gay 62
13%
Indiana Pacers T.J. Leaf 60
13%
New York Knicks Willy Hernangomez 62
13%
Minnesota Timberwolves Cole Aldrich 76
6%
San Antonio Spurs Davis Bertans 67
6%
Milwaukee Bucks D.J. Wilson 68
6%
Sacramento Kings Jack Cooley 67
6%
Toronto Raptors Jakob Poeltl / K.J. McDaniels 67
6%
Dallas Mavericks Jeff Withey 88
6%
Orlando Magic Jonathan Isaac 76
6%
Toronto Raptors Lucas Nogueira 92
6%
Atlanta Hawks Mike Muscala 67
6%
Toronto Raptors OG Anunoby 69
6%
Brooklyn Nets Quincy Acy 60
6%
Houston Rockets Tarik Black 72
6%
Los Angeles Lakers Thomas Bryant 69
6%
Los Angeles Clippers Willie Reed 76
6%
Miami Heat A.J. Hammons 85
0%
New Orleans Pelicans Cheick Diallo 68
0%
Houston Rockets Chinanu Onuaku 75
0%
Washington Wizards Chris McCullough 58
0%
Denver Nuggets Darrell Arthur 65
0%
Detroit Pistons Henry Ellenson 62
0%
Indiana Pacers Ike Anigbogu 86
0%
Sacramento Kings Jakarr Sampson 62
0%
Indiana Pacers Jarrod Uthoff 71
0%
Utah Jazz Joel Bolomboy 71
0%
Minnesota Timberwolves Justin Patton 80
0%
Dallas Mavericks Maxi Kleber 72
0%
Chicago Bulls Quincy Pondexter 72
0%
Memphis Grizzlies Rade Zagorac 60
0%
Milwaukee Bucks Rashad Vaughn 58
0%
Oklahoma City Thunder Terrance Ferguson 53
0%
Denver Nuggets Tyler Lydon 74
0%
Memphis Grizzlies Wade Baldwin IV 56
0%
No matching quizzes found
Score Distribution
Percent of People with Each Score
Percentile by Number Answered
Your Score History
You have not taken this quiz